| 000 | 01554 a2200205 4500 | ||
|---|---|---|---|
| 020 | _a0890069263 (hardcover) | ||
| 020 | _a9780890069264 (hardcover) | ||
| 082 | 0 | 4 | _a658 |
| 090 |
_c5140 _d5140 |
||
| 100 | 1 | _aDurham, Kenneth. | |
| 245 | 1 | 4 |
_aThe new high-tech manager six rules for success in changing times / _cKenneth Durham, Bruce Kennedy. |
| 260 |
_a[S.l.] : _bArtech House Publishers, _c1997. |
||
| 300 |
_a220 p. ; _c24 cm. |
||
| 490 | 1 | _aArtech house technology management and professional development library. | |
| 520 | _aThe New High-Tech Manager: Six Rules for Success in Changing Times helps current and aspiring high-technology executives "get back to management basics" and rediscover the solid, timeless leadership skills needed to successfully lead a business into the next century. The book shows how to combine proven-under-fire management methods with technical training, why management fads and "quick fix" remedies just don't work, and provides six fundamental guidelines to follow for effective management: profit fixation; technical literacy; change dynamics insight; policy and procedure comprehension; decision theory knowledge; and character duality. The book is filled with helpful tips on how managers can use these six principles in solving everyday problems in the workplace. | ||
| 700 | 1 | _aKennedy, Bruce. | |
| 830 | 0 | _aArtech house technology management and professional development library. | |
| 856 | 4 | 0 |
_3Amazon.com _uhttp://www.amazon.com/exec/obidos/ASIN/0890069263/chopaconline-20 |
| 942 |
_aNBS _cBK _k658 DUR |
||
| 999 |
_c347560 _d347560 |
||